000 00756nam a2200229Ia 4500
003 GCL
008 140319s9999 xx 000 0 ara d
040 _aGCL /
_cGCL
082 0 4 _a250
_bع ت
100 1 _aعبدالعظيم شرف الدين
245 1 0 _aتاريخ التشريع الاسلامى احكام الملكية والشفعية والعقد /
_cعبدالعظيم شرف الدين
260 _a[S.N] :
_bالعربى للنشر والتوزيع ،
_c1985
300 _a253 ص
490 _a
650 0 4 _aالاحكام الشرعية
650 0 4 _aالفقه الاسلامى
650 0 4 _aالعقد
650 0 4 _aالتشريع الاسلامى
650 0 4 _aالملكية
650 0 4 _aالشفعية
942 _2ddc
_cBK
999 _c43231
_d43231